Parts of the Hand - with a Diagram - Statistics

General Stats
  • This quiz has been taken 1,454 times
  • The average score is 7 of 7
Answers on the Map
Answers color-coded by a green-red scale on the quiz's map according to % correct below.
 
Answer Stats
Part % Correct
Thumb
98%
Palm
96%
Little (Finger)
95%
Middle (Finger)
95%
Wrist
94%
Ring (Finger)
92%
Index (Finger)
91%
No matching quizzes found
Score Distribution
Percent of People with Each Score
Percentile by Number Answered
Your Score History
You have not taken this quiz